| 000 | 00603nam a22001577a 4500 | ||
|---|---|---|---|
| 020 | _qHard Cover. | ||
| 082 | _a620.005 | ||
| 100 | _aArif, Bushra | ||
| 245 |
_aAssessment of Strategic Implementation Parameters in a Banking Sector and development of a Motivation Approach to improve Change Management Process / _cBushra Arif |
||
| 260 |
_aIslamabad : _bCEME - NUST, _c2016. |
||
| 300 |
_axix, 140 p. : ill. ; _c30cm. |
||
| 650 |
_aEngineering Management - MS-Thesis. _916065 |
||
| 700 |
_aDr. Tasweer Hussain Shah. _916063 |
||
| 942 |
_2ddc _cTHE |
||
| 999 |
_c536969 _d536969 |
||